Little Mix Songs 2018 - Statistics

General Stats
  • This quiz has been taken 191 times
  • The average score is 49 of 96
Answer Stats
Hint Answer % Correct
DNA DNA
90%
Salute Salute
86%
DNA Wings
85%
Get Weird Black Magic
82%
Glory Days Shout Out To My Ex
78%
Glory Days Platinum Edition Shout Out to My Ex
78%
Glory Days Touch
78%
Glory Days Platinum Edition Touch
78%
X Factor- Winners Single Cannonball
77%
Salute Move
75%
Glory Days Power
75%
Glory Days Platinum Edition Power
75%
Get Weird Hair
71%
DNA Change Your Life
70%
Salute Little Me
70%
Glory Days No More Sad Songs
69%
Glory Days Platinum Edition No More Sad Songs
69%
Get Weird Love Me Like You
68%
Get Weird Secret Love Song
67%
Get Weird Weird People
61%
DNA How Ya Doin'
60%
X Factor- Week 4 E.T
58%
Glory Days Oops
58%
Glory Days Platinum Edition Oops
58%
DNA Red Planet
58%
Get Weird A.D.I.D.A.S
57%
Salute Boy
56%
X Factor- Judges House Big Girls Don't Cry
55%
Glory Days F.U.
55%
Glory Days Platinum Edition F.U.
55%
Get Weird Grown
55%
X Factor- Week 1 Superbass
54%
DNA Turn Your Face
54%
Salute About the Boy
53%
DNA Madhouse
53%
DNA Always Be Together
52%
Get Weird Lightning
52%
Salute Towers
52%
Glory Days Down And Dirty
51%
Glory Days Platinum Edition Down And Dirty
51%
Get Weird Love Me Or Leave Me
51%
Glory Days Nothing Else Matters
51%
Glory Days Platinum Edition Nothing Else Matters
51%
Glory Days Deluxe Edition Beep Beep
50%
Glory Days Deluxe Edition Freak
50%
Get Weird The End
50%
Salute These Four Walls
50%
Salute Good Enough
49%
Get Weird I Love You
49%
Glory Days Nobody Like You
48%
Glory Days Platinum Edition Nobody Like You
48%
DNA We Are Who We Are
48%
Glory Days You Gotta Not
48%
Glory Days Platinum Edition You Gotta Not
48%
Glory Days Platinum Edition If I Get My Way
47%
Glory Days Your Love
47%
Glory Days Platinum Edition Your Love
47%
Glory Days Platinum Edition Dear Lover
46%
Salute Competition
45%
Glory Days Platinum Edition Is Your Love Enough?
45%
DNA Pretend Its OK
45%
Glory Days Private Show
45%
Glory Days Platinum Edition Private Show
45%
Get Weird Deluxe Edition Clued Up
44%
Salute Nothing Feels Like You
44%
Get Weird OMG
44%
DNA Stereo Soldier
44%
DNA Deluxe Edition Love Drunk
43%
DNA Deluxe Edition Make You Believe
43%
Salute A Different Beat
42%
X Factor- Week 8 (Song 1) Baby/Where Did Our Love Go
42%
X Factor- Week 7 Don't Let Go
42%
X Factor- Week 9 (Grand Final Song 3) Don't Let Go
42%
Salute Mr Loverboy
42%
Glory Days Platinum Edition Reggaeton Lento
42%
Get Weird Deluxe Edition The Beginning
42%
DNA Deluxe Edition Case Closed
41%
Salute Deluxe Edition Stand Down
41%
X Factor- Week 6 Radio Gaga/Telephone
40%
Get Weird Deluxe Edition Secret Love Song Part 2
40%
Salute Deluxe Edition They Just Don't Know You
40%
Get Weird Deluxe Edition I Won't
39%
Salute Deluxe Edition See Me Now
37%
Glory Days Deluxe Edition Touch (Acoustic)
36%
DNA Deluxe Edition DNA (Unplugged)
34%
X Factor- Week 9 (Semi- Final Song 2) If I Were A Boy
32%
Salute Deluxe Edition Little Me (Unplugged)
32%
X Factor- Week 8 (Song 2) Beautiful
30%
X Factor- Week 2 I'm Like A Bird
28%
X Factor- Week 9 (Grand Final Song 4) Silent Night
28%
X Factor- Week 3 Tik Tok/Push It
28%
X Factor- Week 5 Don't Stop The Music
26%
X Factor- Week 9 (Grand Final Song 2) If I Ain't Got You/Empire State Of Mind
25%
DNA Goin' nowhere
23%
X Factor- Week 9 (Grand Final Song 1) You've Got The Love
19%
X Factor- Week 9 (Semi- Final Song 1) You Keep Me Hanging On
17%
No matching quizzes found
Score Distribution
Percent of People with Each Score
Percentile by Number Answered
Your Score History
You have not taken this quiz